Turmoil and trıumph: (Record no. 12864)

MARC details
000 -BAŞLIK
Sabit Uzunlukta Kontrol Alanı 00889nam a2200253 4500
999 ## - SİSTEM KONTROL NUMARALARI (KOHA)
Koha Biblionumber 12864
Koha Biblioitemnumber 12864
003 - KONTROL NUMARASI IDENTIFIER
Denetim Alanı MIRAKIL
005 - SON İŞLEM TARİHİ VE ZAMANI
Denetim Alanı 20190307140801.0
008 - SABİT-BOY VERİ ELEMANLARI - GENEL BİLGİLER
Sabit Uzunlukta Kontrol Alanı 190307b tu ||||| |||| 00| 0 tur d
020 ## - ULUSLARARASI STANDART KİTAP NUMARASI
Uluslararası Standart Kitap Numarası 0684803321
040 ## - KATALOGLAMA KAYNAK
Orijinal Kataloglama Ajansı TR-AnCHP
Metne Dönüştürmek Ajansı TR-AnCHP
041 ## - DİL KODU
Metin / Ses Parça Veya Ayrı Başlığın Dil Kodu eng
082 ## - DEWEY ONLU SINIFLANDIRMA NUMARASI
Sınıflandırma Numarası 973.927092
Ürün Numarası S38t 1993
100 ## - ANA GİRİŞ - KİŞİSEL İSİM
Kişisel Ad Shultz, George P.
245 10 - BAŞLIK TABLOSU
Başlık Turmoil and trıumph:
Başlığın Kalan my years as secretary of state/
Sorumluluk Tablosu, Vb George P. Shultz.
246 ## - UNVAN FORM VARYING
Başlık Doğru / Kısa Başlığı my years as secretary of state
260 ## - YAYIN, DAĞITIM, VB
Yayın, Dağıtım, Vb Yeri New York:
Yayıncı, Dağıtıcı, Vs Adı A Robert Stewart Book,
Yayın, Dağıtım, Vb Tarihi 1993.
300 ## - FİZİKSEL TANIM
Kapsam xı, 1184 s.:
Diğer Fiziksel Ayrıntıları fotğ.
Boyutlar 23 sm.
504 ## - KAYNAKÇA VB NOT
Kaynakça Vb Notu Dizin vardır.
600 #0 - KONU KATMA GİRİŞ - KURUMSAL ADI
9 (RLIN) 5345
Kişisel Ad Shultz, George P.
Başlıklar Ve Bir Adla İlişkili Diğer Kelimeler ABD Hazine Sekreter
Bir Adıyla İlişkilendirilen Tarihler 1920-
650 #0 - KONU KATMA GİRİŞ - TOPİKAL DÖNEM
9 (RLIN) 5074
Topikal Süreli Veya Coğrafi Ad Giriş Elemanı Devlet adamları
Genel Alt Bölümü Amerika Birleşik Devletleri
-- yaşamöyküsü
651 #0 - KONU KATMA GİRİŞ - COĞRAFİ ADI
9 (RLIN) 5335
Coğrafi İsim Amerika Birleşik Devletleri
Genel Alt Bölümü Dış ilişkiler
Kronolojik Alt Bölümü 1981-1989
740 ## - KATMA GİRİŞ - KONTROLSUZ İLGİLİ / ANALİTİK BAŞLIK
Kontrol Edilmeyen / İlgili Analitik Başlıktaki my years as secretary of state
942 ## - EKLENDİ GİRİŞ ELEMANLARI (KOHA)
Sınıflandırma Veya Raf Düzeni Kaynak Dewey Decimal Classification
Koha Öğesi Türü Books
Holdings
Kalıcı Konum Mevcut Konum Edinme Tarihi Edinim Kaynak Toplam Check-Out'Lar Tam Çağrı Numarası Barkod Tarih Son Görülme İtibaren Geçerli Fiyatlar Sigara Kamu Notu Koha Öğesi Türü
CHP Kütüphanesi CHP Kütüphanesi 03/07/2019 Bağış   973.927092 S38t 1993 018952 03/07/2019 03/07/2019 Ertuğrul Çepni bağışıdır. Books